بين فضاء الواقع والحلم / (Record no. 29620)
[ view plain ]
| 000 -الفاتح | |
|---|---|
| حقل البيانات ثابتة الطول | 01175nam a22003017a 4500 |
| 003 - محدد رقم الضبط | |
| رقم الضبط | EG-ScBUE |
| 005 - وقت وتاريخ اخر تعامل مع التسجيلة | |
| رقم الضبط | 20211101095455.0 |
| 008 - عناصر البيانات ثابتة الطول - معلومات عامة | |
| حقل البيانات ثابتة الطول | 211101s2019 ua o f 000 0cara d |
| 040 ## - مصدر الفهرسة | |
| وكالة الفهرسة الأصلية | EG-ScBUE |
| لغة الفهرسة | ara |
| قواعد الوصف | rda |
| وكالة النسخ | EG-ScBUE |
| وكالة التعديل | EG-ScBUE |
| 041 0# - رمز اللغة | |
| رمز لغة النص/ المسارات الصوتية أو العنوان الانفرادي | ara |
| -- | eng |
| 043 ## - رمز المنطقة الجغرافية | |
| رمز المنطقة الجغرافية | f-ua--- |
| 082 04 - رقم تصنيف ديوى العشرى | |
| رقم التصنيف | 759.962 |
| رقم المادة | س ل ا |
| رقم الطبعة | 22 |
| 100 1# - المدخل الرئيسى - إسم شخصى | |
| الإسم الشخصى | عبد السلام، رضا، |
| الدور | معد. |
| 245 10 - بيان العنوان | |
| العنوان | بين فضاء الواقع والحلم / |
| بيان المسئوليه,etc | إعداد رضا عبد السلام ؛ تصميم شروق قنديل ؛ اللجنة المنظمة هشام قنديل [وخمس آخرون]. |
| 264 #1 - النشر، التوزيع | |
| مكان الناشر او الموزع | المهندسين، مصر : |
| اسم الناشر او الموزع | ضي، |
| تاريخ النشر أو التوزيع | 2019. |
| 300 ## - الوصف المادى | |
| التعداد | 96 صفحة : |
| تفاصيل ماديه اخرى للوعاء | صور ؛ |
| أبعاد الوعاء | 27 سم |
| 336 ## - نوع المحتوى | |
| source | rdacontent |
| Carrier Type Term | نص |
| Content Type Code | txt |
| 337 ## - نوع الوسيط | |
| source | rdamedia |
| Media Type Term | بدون وسيط |
| Media Type Code | n |
| 338 ## - نوع الحامل أو الناقل | |
| source | rdacarrier |
| Carrier Type Term | مجلد |
| Carrier Type Code | nc |
| 541 ## - تبصرة المصدر المباشر للتزويد | |
| مصدر التزويد | إهداء. |
| 546 ## - تبصرة اللغة | |
| تبصرة اللغة | النص باللغتين العربية والإنجليزية. |
| 650 #7 - المدخل الاضافى بالموضوع-مصطلح موضوعى | |
| مصطلح موضوعي أو اسم جغرافي كعنصر مدخل | الرسامون المصريون |
| التقسيم الفرعي الشكلي | تراجم. |
| مصدر الرأس أو المصطلح | BUEsh |
| 653 ## - مصطلح تكشيفى غير مقيد | |
| Resource For college | Arts and Design |
| Arrived date list | November2021 |
| 655 ## - مصطلح تكشيفى-نوع/شكل | |
| التقسيم الفرعي الشكلي | Reading book |
| -- | 34232 |
| 700 1# - المدخل الاضافى - اسم شخصى | |
| الإسم الشخصى | قنديل، شروق، |
| الدور | مصمم. |
| 700 1# - المدخل الاضافى - اسم شخصى | |
| الإسم الشخصى | قنديل، هشام، |
| الدور | منظم. |
| 942 ## - عناصر المدخل الإضافي( كوها) | |
| مصدر التصنيف او مخطط الترفيف | Dewey Decimal Classification |
| حالة التراجع | حالة الفقد | مصدر التصنيف او خطة الترفيف | حالة تلف | ليس للاعارة | مجموعات كوها | المكان الدائم | المكان الحالي | موقع الترفيف | تاريخ الاكتساب | Source of acquisition | رقم الاستدعاء | الباركود | Date last seen | نوع الوعاء |
|---|---|---|---|---|---|---|---|---|---|---|---|---|---|---|
| Dewey Decimal Classification | Donation-Gift | Central Library | Central Library | Second Floor | 01/11/2021 | Donation | 759.962 س ل ا | 000050906 | 15/07/2025 | NB - Book (Non borrowing) | ||||
| Dewey Decimal Classification | Donation-Gift | Central Library | Central Library | Second Floor | 01/11/2021 | Donation | 759.962 س ل ا | 000050907 | 15/07/2025 | NB - Book (Non borrowing) | ||||
| Dewey Decimal Classification | Donation-Gift | Central Library | Central Library | Second Floor | 01/11/2021 | Donation | 759.962 س ل ا | 000050908 | 15/07/2025 | Book - Borrowing | ||||
| Dewey Decimal Classification | Donation-Gift | Central Library | Central Library | Second Floor | 01/11/2021 | Donation | 759.962 س ل ا | 000050909 | 15/07/2025 | Book - Borrowing | ||||
| Dewey Decimal Classification | Donation-Gift | Central Library | Central Library | Second Floor | 03/01/2022 | Donation | 759.962 س ل ا | 000056061 | 15/07/2025 | Book - Borrowing |